000
00328nam a2200133Ia 4500
008
210210b1985 xxu||||| |||| 00| 0 eng d
082
_a
001.64 RAJY
100
_a
RAJAGOPALAN (R).
245
_a
You and the computer.
260
_a
ND
_b
Children Book Trust
_c
1985
300
_a
133
690
_a
Computer Science
906
_a
037647
999
_c
87954
_d
87954